00417nam a22001457a 450000500170000000800410001702200130005804100120007108200130008310000120009624500340010826000730014230000310021565000250024620240903072359.0240903b |||||||| |||| 00| 0 eng d a10246991 aEnglish a349 NAM  lEnglish aThe Namibian Law Reports 1998 aWindhoek: bLegal Assistance Centre and Juta and Company Ltd, c1998 bxxvi, 323 pages; c26 cm.  aLegal practice bLaw